|
|
|
|
| LEADER |
00000nab a2200000 a 4500 |
| 001 |
vtls000410918 |
| 003 |
SK-MaSNL |
| 005 |
20260304041336.0 |
| 008 |
140630c1990 xo 0 slo |
| 015 |
|
|
|a SNBRB19rr/mm-uuuuu
|
| 035 |
|
|
|a CL0411042
|
| 040 |
|
|
|a SNKBUCL
|b slo
|c SNKBUCL
|e AACR2
|
| 041 |
0 |
|
|a slo
|
| 044 |
|
|
|a xo
|c SK
|
| 080 |
|
|
|a 902-051
|2 1981
|
| 080 |
|
|
|a 929 Poulík, Josef
|2 1981
|
| 100 |
1 |
|
|a Ruttkay, Alexander,
|d 1941-2025
|4 aut
|9 89453
|
| 245 |
1 |
0 |
|a Akademik Josef Poulík osemdesiatročný
|c Alexander Ruttkay
|
| 300 |
|
|
|b Obr. 1.
|
| 600 |
1 |
7 |
|a Poulík, Josef,
|d 1910-1998
|2 snkbucl
|9 256339
|
| 655 |
|
7 |
|a články z novín a časopisov
|2 snkbucl
|9 267496
|
| 773 |
0 |
|
|t Slovenská archeológia
|g Roč. 28, č. 2 (1990), s. 453-454
|
| 850 |
|
|
|a Slovenská národná knižnica v Martine
|a MTA001
|
| 852 |
|
|
|a SNK
|b KIS3GCP
|
| 958 |
|
|
|a RK
|
| 958 |
|
|
|a CZ
|
| 992 |
|
|
|a RBX
|
| 999 |
|
|
|c 2667939
|d 2669869
|